00392 2200157 4500001002100000005001500021035002000036245006200056100001100118300001200129260003700141082000800178084001400186020002200200990001200222INLIS00000000000169320250430084936 a0010-04250001091 aPidato 3 Bahasa ( Arab, Inggris, Indonesia ) /cM. Fadlun0 aFadlun a152 hlm aSurabaya :bPustaka Media,c2022 a400 a400 FAD p a978-602-8214-66-7 a0754650